• 首页
  • 本馆介绍
  • 公告通知
  • 最新文献
  • 馆藏检索
  • 电子资源
  • 读者导购
  • 参考咨询
  • 我的图书馆
  • 登录
  • 详细信息显示
  • 放入我的书架
  • 预约/预借图书
  • 作者相关作品
  • 分类相关作品
  • 丛书相关作品
  • 出版社相关作品

书目信息

  • 表格格式
  • 工作单格式
  • 卡片格式
题名:
化学
    
 
作者: 芮耀民 主编
分册:  
出版信息: 武汉   华中师范大学出版社  2014.07
页数: 167页
开本: 26cm
丛书名:
单 册:
中图分类: G634.81
科图分类:
主题词: 化学课--中等专业学校--教材
电子资源:
ISBN: 978-7-5622-6731-7
000 00873nam0 2200229 450
001 0108153901
005 20210308154401.0
010    @a978-7-5622-6731-7@dCNY45.00
100    @a20181024e20182014em y0chiy0110 ea
101 0  @achi
102    @aCN@b420000
105    @ay z 000yy
106    @ar
200 1  @a化学@Ahua xue@f芮耀民主编
210    @a武汉@c华中师范大学出版社@d2014.07@h2018.02
215    @a167页@d26cm
330    @a本书共十二章,主要内容包括:原子结构和化学键,物质的量,化学反应速率和化学平衡,电解质溶液,氧化还原反应,常见非金属但只及其化合物,常见金属单质及其化合物,烃,烃的衍生物,糖类,蛋白质,高分子化合物等,附录部分还有一些相关的基本化学实验,以提高学生的动手操作能力。
606 0  @a化学课@x中等专业学校@j教材
690    @aG634.81@v5
701  0 @a芮耀民@Arui yao min@4主编
801  0 @aCN@bBJSZM@c20210308
905    @b1271087-91@dG634.81@e1972@f5
    
    化学/芮耀民主编.-武汉:华中师范大学出版社,2014.07(2018.02)
    167页;26cm
    
    
    ISBN 978-7-5622-6731-7:CNY45.00
    本书共十二章,主要内容包括:原子结构和化学键,物质的量,化学反应速率和化学平衡,电解质溶液,氧化还原反应,常见非金属但只及其化合物,常见金属单质及其化合物,烃,烃的衍生物,糖类,蛋白质,高分子化合物等,附录部分还有一些相关的基本化学实验,以提高学生的动手操作能力。
●
相关链接 在E读中查询图书 在五车中查询图书 在当当中查询图书 在豆瓣中查询图书


正题名:化学     索取号:G634.81/1972         预约/预借

序号 登录号 条形码 馆藏地/架位号 状态 备注
1 1271087   212710878   第一样本阅览室/ [索取号:G634.81/1972] 在馆    
2 1271088   212710887   教育系资料室/ [索取号:G634.81/1972] 在馆    
3 1271089   212710896   教育系资料室/ [索取号:G634.81/1972] 在馆    
4 1271090   212710903   第四借阅区/ [索取号:G634.81/1972] 在馆    
5 1271091   212710912   第四借阅区/ [索取号:G634.81/1972] 在馆    
唐山师范学院图书馆 欢迎您!
大连网信软件有限公司© 版权所有